000 00569nam a2200193Ia 4500
005 20260120124616.0
008 008 260114s9999 xx 000 0 eng d
020 _a9780762314522
037 _aEBOOK
040 _aCRL
_beng
_cCRL
041 _aeng
_2eng
084 _qCRL
245 4 _aThe Evolution of Consumption: Theories and Practices
260 _bEmerald Publishing
_c2007
700 _aMarina Bianchi
_9908349
856 _uhttps://www.emerald.com/insight/publication/doi/10.1016/S1529-2134(2007)10
942 _cEBOOK
999 _c1500239
_d1500239